000 00938nam a2200277Ia 4500
003 OSt
005 20220925223800.0
006 a|||||r|||| 00| 0
007 ta
008 220923b |||||||| |||| 00| 0 eng d
020 _a9780415582247
_c5882.6000000000004
037 _b4625, 24/03/2012, RAJKIRAN BOOK AGENCY
_cGeneral Book
040 _aRTL
_cRTL
_beng
041 _2eng
_aeng
082 _aX9(U8), Q2
100 _aMinca Claudio
_9290323
245 0 _aReal tourism
_b Practice, care, and politics in contemporary travel culture
260 _aLondon
_bRoutledge
_c2012
300 _axiii, 264p
_ccm.
490 _aContemporary Geographies of Leisure, Tourism ans Mobility
500 _aBibliography: P222-49
650 _aSociology
700 _a Oakes Tim
_9290324
942 _hX9(U8), Q2
_cGB
_2CC
999 _c580374
_d580374